[Event "Paris-ch op-B 86th"]
[Site "Paris"]
[Date "2011.07.05"]
[Round "4"]
[White "Bourcier, Laurent"]
[Black "Ettayeb, Jemchid"]
[Result "1-0"]
[WhiteElo "1838"]
[BlackElo "1722"]
[PlyCount "85"]
[EventDate "2011.07.02"]
[EventType "swiss"]
[EventRounds "9"]
[EventCountry "FRA"]
[SourceTitle "EXT 2012"]
[Source "ChessBase"]
[SourceDate "2011.11.24"]
[SourceVersion "1"]
[SourceVersionDate "2011.11.24"]
[SourceQuality "1"]

1. e4 c5 2. Nf3 Nc6 3. Nc3 g6 4. d4 cxd4 5. Nxd4 Bg7 6. Be3 a6 7. Be2 Nf6 8. 0-0 0-0 9. Kh1 d5 10. exd5 Nxd5 11. Nxd5 Qxd5 12. Nxc6 Qxc6 13. c3 Bf5 14. Bf3 Qb5 15. Qb3 Bd3 16. Rfd1 Qf5 17. Qd5 Qxd5 18. Bxd5 Bf5 19. Rd2 Rad8 20. Rad1 e6 21. Bxb7 Rxd2 22. Rxd2 e5 23. Bxa6 Be6 24. b3 f5 25. f3 h5 26. g3 Ra8 27. Bb5 Rc8 28. c4 f4 29. gxf4 exf4 30. Bb6 Bf6 31. c5 Be7 32. Ba6 Re8 33. c6 g5 34. c7 g4 35. fxg4 hxg4 36. Rd8 Bxd8 37. cxd8Q Kf7 38. Qc7+ Kg6 39. Qxf4 g3 40. Bd3+ Kh5 41. hxg3 Bd5+ 42. Kh2 Rg8 43. Qh4# 1-0

[Event "Paris-ch op-B 86th"]
[Site "Paris"]
[Date "2011.07.03"]
[Round "2"]
[White "Ettayeb, Jemchid"]
[Black "Insuasty, Luis"]
[Result "1-0"]
[WhiteElo "1722"]
[BlackElo "1896"]
[PlyCount "67"]
[EventDate "2011.07.02"]
[EventType "swiss"]
[EventRounds "9"]
[EventCountry "FRA"]
[SourceTitle "EXT 2012"]
[Source "ChessBase"]
[SourceDate "2011.11.24"]
[SourceVersion "1"]
[SourceVersionDate "2011.11.24"]
[SourceQuality "1"]

1. e4 c5 2. c3 g6 3. d4 cxd4 4. cxd4 Bg7 5. f4 d6 6. Nf3 Nh6 7. h3 Nd7 8. Be3 a6 9. Nc3 b5 10. Qd2 f5 11. e5 Bb7 12. Ng5 Nf8 13. Rg1 Qd7 14. Be2 Rc8 15. g4 fxg4 16. hxg4 d5 17. f5 gxf5 18. gxf5 Nxf5 19. Bg4 e6 20. Bxf5 exf5 21. e6 Qe7 22. Nf7 Nxe6 23. Nxh8 Bxh8 24. Rg8+ Kd7 25. Rxc8 Kxc8 26. Rc1 Kd7 27. Ne2 Qh4+ 28. Kd1 Qh1+ 29. Kc2 Qe4+ 30. Qd3 f4 31. Qxe4 dxe4 32. Nxf4 Nxd4+ 33. Bxd4 Bxd4 34. Rd1 1-0

[Event "Champigny sur Marne op 6th"]
[Site "Champigny sur Marne"]
[Date "2006.02.17"]
[Round "2"]
[White "Ettayeb, Jemchid"]
[Black "Pauvert, Gabrielle"]
[Result "1-0"]
[WhiteElo "1380"]
[BlackElo "1009"]
[PlyCount "65"]
[EventDate "2006.02.16"]
[EventType "swiss"]
[EventRounds "6"]
[EventCountry "FRA"]
[SourceTitle "EXT 2007"]
[Source "ChessBase"]
[SourceDate "2006.11.23"]
[SourceVersion "1"]
[SourceVersionDate "2006.11.23"]
[SourceQuality "1"]

1. d4 d5 2. c4 Nf6 3. Nc3 Bf5 4. Bg5 h6 5. Bh4 e6 6. Qa4+ Nbd7 7. Nf3 Bd6 8. Ne5 Bxe5 9. dxe5 c6 10. exf6 Nxf6 11. cxd5 exd5 12. g3 0-0 13. 0-0-0 Qe8 14. f3 b5 15. Qd4 Qe6 16. g4 Bg6 17. f4 Qxg4 18. Bxf6 Qf5 19. e4 Qxf6 20. Qxf6 gxf6 21. f5 Bh5 22. Rg1+ Kh7 23. exd5 cxd5 24. Nxd5 Bxd1 25. Kxd1 Rad8 26. Bg2 Kg8 27. Kc1 Rd7 28. Nxf6+ Kg7 29. Nxd7 Re8 30. Bc6+ Kh7 31. Nf6+ Kh8 32. Bxe8 a5 33. Rg8# 1-0